000 00818cam a2200229 4500
001 WB3609-06
008 000000n2000 000 0 eng u
035 _a(Sirsi) u104544
245 _aFramework deals
260 _c2000
490 _aBuilding
_v265(8125) 25 February 2000, 9(1)
520 _aNHS Estates is to establish a list of preferred contractors and consultants to carry out its construction spend - worth £3bn a year. The initiative is called Procure 21 and suppliers will be set up on three to five year frameworks - similar to those proposed by Defence Estates.
590 _aWB
650 _aNHS ESTATES
650 _aPRIME CONTRACTING
650 _aPROCURE 21
650 _aCONTRACTORS
650 _aProcurement-old
650 _aCONSULTANTS
690 _aBUILT ENVIRONMENT
942 _n0
999 _c62732
_d62732